All 1M E, F, G Cities on a Map - Statistics

General Stats
  • This quiz has been taken 278 times
  • The average score is 15 of 27
Answers on the Map
Answers color-coded by a green-red scale on the quiz's map according to % correct below.
 
Answer Stats
City % Correct
Edmonton
95%
Glasgow
95%
Frankfurt
89%
Guatemala City
88%
El Paso
85%
Guadalajara
85%
Fès
83%
Guangzhou
83%
Freetown
75%
Guayaquil
74%
Fortaleza
72%
Gaza
70%
Fukuoka
62%
Faisalabad
61%
Greensboro
53%
Erbil
51%
George Town
45%
Gaziantep
43%
Goiânia
38%
Guiyang
29%
Gwangju
29%
Gujranwala
25%
Guilin
16%
Guwahati
14%
Gwalior
14%
Ganzhou
10%
Fuyang
4%
No matching quizzes found
Score Distribution
Percent of People with Each Score
Percentile by Number Answered
Your Score History
You have not taken this quiz